01545cam a22003614i 4500003000900000005001700009008004100026020001500067035002700082040003300109082002300142100003500165245012400200264006500324300006600389336002100455337002500476338002300501505051600524526001001040526001001050526001001060526001001070526000801080526000801088526000801096526000801104526000801112526000801120526000801128650002001136700002701156PE-LiUPU20250731173056.0150623s r 000 0 d a0805461892 a(Sirsi) i9780805461893 aPE-LiUPUbspacPE-LiUPUerda04a248.487 6bT482211 aThomas, Steve,d1961-,eautor.14aThe heart of the problem :ba prescription for a deeper experience with God : leader's guide /cSteve and Julie Thomas. 1aNashville, Tennessee :bBroadman & Holman Publishers,c1995. a71 páginas :bilustraciones, gráficos ;c24 centímetros atext2rdacontent aunmediated2rdamedia avolume2rdacarrier0 aThe myth of complexity. -Peace and satisfaction in this world?. -Most of Us Had a poor start in life!. -God's sharpest tools; my biggest problems. -Why don't you just concentrate on the positive?. -Why is it difficult to walk by a mirror witout looking at ypurself?. -At aht age ist it acceptable to sulk when you can´t have what you want?. -I need to forgive Those soldiers. -Anger Is one letter away from danger. -Your whife has inoperable cancer. -I prayed, but i still don´t want to, you aren´t going to. aSEG42 aSEG41 aSEG40 aSEG39 aP94 aP87 aP86 aP85 aP77 aP76 aP3504aVida cristiana.1 aThomas, Julie,d1958-.